Szczegóły MARC21

Poradnik maturzysty : biologia : [zakres podstawowy i rozszerzony] /

003 -Nazwa inst., której nr kontr. jest w polu 001 [,]
    • @
    • Nazwa instytucji, której n kontrolny jest w polu 001
    • NUKAT
005 -DATA I CZAS OSTATNIEJ MODYFIKACJI [,]
    • @
    • pole kontrolne
    • 20241231101746.0
020 -Międzynarod. znormalizowany nr książki - ISBN [ , ]
    • a
    • Numer ISBN
    • 8373154698 Find
040 -Instytucja sporządzająca opis [ , ]
    • a
    • Instytucja, która sporządziła opis (NP)
    • KIEL 010/KZ
    • c
    • Instytucja, która sporządziła rekord (NP)
    • KIEL 010/KZ
    • d
    • Instytucja, która zmodyfikowała rekord (P)
    • KIEL 010/KZ
    • d
    • Instytucja, która zmodyfikowała rekord (P)
    • KIEL 010/EPs
942 -Rodzaj dokumentu [ , ]
    • c
    • Rodzaj dokumentu
    • Książka
100 -Hasło główne - nazwa osobowa [1, ]
    • a
    • Nazwa osobowa (NP)
    • Jancarz-Łanczkowska, Beata.
    • 9
    • KHW
    • 578089
245 -Strefa tytułu i oznaczenia odpowiedzialności [1,0]
    • a
    • Tytuł
    • Poradnik maturzysty : Find
    • b
    • Ciąg dalszy tytułu (NP)
    • biologia : [zakres podstawowy i rozszerzony] / Find
    • c
    • Pozostałe elementy strefy tytułu i oznaczenia odpowiedzialności (NP)
    • Beata Jancarz, Marzanna Wikiera.
260 -Strefa adresu wydawniczego [ , ]
    • a
    • Miejsce wydania (P)
    • Kielce :
    • b
    • Nazwa wydawcy (P)
    • Mac Edukacja,
    • c
    • Data wydania (P)
    • cop. 2005.
300 -Strefa opisu fizycznego [ , ]
    • a
    • Określenie formy książki i/lub objętość (NP)
    • 104 s. :
    • b
    • Oznaczenie ilustracji (NP)
    • il. ;
    • c
    • Format (NP)
    • 24 cm.
336 -Typ zawartości [ , ]
    • a
    • Termin opisujący typ zawartości
    • Tekst
    • b
    • Kod określający zawartość
    • txt
    • 2
    • Źródło (terminu i kodu)
    • rdacontent
337 -Typ mediów [ , ]
    • a
    • Tryb odtwarzania
    • Bez urządzenia pośredniczącego
    • b
    • Kod typu mediów
    • n
    • 2
    • Źródło (terminu i kodu)
    • rdamedia
338 -Typ/rodzaj nośnika [ , ]
    • a
    • Hasło opisujące typ nośnika
    • Wolumin
    • b
    • Kod typu nośnika
    • nc
    • 2
    • Źródło (terminu i kodu)
    • rdacarrier
500 -Uwaga ogólna [ , ]
    • a
    • Uwaga ogólna (NP)
    • U góry s. tyt.: Arkusze egzaminacyjne. Modele odpowiedzi.
080 -Uniwersalna Klasyfikacja Dziesiętna [ , ]
    • 2
    • Identyfikator wydania tablic
    • UDC-PO58
    • a
    • Symbol klasyfikacji
    • 57/59
    • b
    • Dopowiedzenie
    • Nauki biologiczne/Zoologia.
    • x
    • Poddział wspólny
    • (075.3-021.66)
    • b
    • Dopowiedzenie
    • Podręczniki dla liceum, technikum.
    • x
    • Poddział wspólny
    • (076)
    • b
    • Dopowiedzenie
    • Materiały do ćwiczeń praktycznych. Zadania. Pytania i rozwiązania. Teksty programowe.
080 -Uniwersalna Klasyfikacja Dziesiętna [ , ]
    • 2
    • Identyfikator wydania tablic
    • UDC-PO58
    • a
    • Symbol klasyfikacji
    • 37.091.27
    • b
    • Dopowiedzenie
    • Egzaminy szkolne. System kwalifikacyjny. Konkursy. Egzaminy pisemne, ustne, egzaminy praktyczne. Wymagania egzaminacyjne. Sprawdzian dla szóstoklasistów. Egzaminy gimnazjalne. Egzaminy wstępne do szkół. Egzamin maturalny. Olimpiady szkolne. Komisja egzaminacyjna. Warunki przeprowadzania egzaminów.
650 -Hasło przedmiotowe [ ,7]
    • a
    • Hasło przedmiotowe
    • Biologia
    • v
    • Określnik formalny
    • egzaminy, pytania.
    • 2
    • Źródło terminu
    • kaba
    • 9
    • KHW
    • 359624
650 -Hasło przedmiotowe [ ,7]
    • a
    • Hasło przedmiotowe
    • Matura (2005- )
    • v
    • Określnik formalny
    • poradniki.
    • 2
    • Źródło terminu
    • kaba
    • 9
    • KHW
    • 423293
980 -Symbol UKD [ , ]
    • a
    • UKD
    • 57/59(075.3-021.66)(076):37.091.27
700 -Hasło dodatkowe - nazwa osobowa [1, ]
    • a
    • Nazwa osobowa (NP)
    • Wikiera, Marzanna. Find
    • 9
    • KHW
    • 578090
710 -Hasło dodatkowe - nazwa ciała zbiorowego [2, ]
    • a
    • Nazwa ciała zbiorowego lub nazwa geograficzna jako pierwszy element (NP)
    • MAC Edukacja.
    • 4
    • Kod relacji
    • pbl
    • 9
    • KHW
    • 78433
920 -ISBN [ , ]
    • a
    • ISBN
    • 83-73-15-469-8 Find
Numer inwentarzowy Status udost. Lokalizacja Data inwentaryzacji
Pd.190751BG2008-01-24